Manual de rendimientos unitarios de materiales para la construcción de viviendas y urbanizaciones
Bewaard in:
| Hoofdauteur: | |
|---|---|
| Andere auteurs: | |
| Formaat: | Boek |
| Gepubliceerd in: |
[San José , Costa Rica]
1985
|
| Onderwerpen: | |
| Tags: |
Voeg label toe
Geen labels, Wees de eerste die dit record labelt!
|
MARC
| LEADER | 00000nam a2200000Ia 4500 | ||
|---|---|---|---|
| 003 | 002958 | ||
| 005 | 20221231144401.0 | ||
| 008 | 140114s1985 cr a m 000 ||s d | ||
| 040 | |c cru CEDI | ||
| 090 | |a TFG 1728 | ||
| 100 | |a Amen Chen, Franklin |9 14490 | ||
| 245 | |a Manual de rendimientos unitarios de materiales para la construcción de viviendas y urbanizaciones | ||
| 260 | |c 1985 |a [San José , Costa Rica] | ||
| 300 | |a 85 hojas : ilustraciones ; 27 cm | ||
| 500 | |a Proyecto de graduación (ingeniería civil)--Universidad de Costa Rica. Facultad de Ingeniería. Escuela de Ingenieria Civil | ||
| 650 | |x MATERIALES DE CONSTRUCCION - PRESUPUESTOS |9 14492 | ||
| 700 | |9 14491 |a Oreamuno Pérez, Luis Alfredo | ||
| 942 | |c TFG |2 ddc | ||
| 999 | |c 21077 |d 21077 | ||
